Practice workbook of medical surgical nursing / (Record no. 280)
[ view plain ]
| 000 -LEADER | |
|---|---|
| fixed length control field | 00492nam a22001697a 4500 |
| 003 - CONTROL NUMBER IDENTIFIER | |
| control field | OSt |
| 005 - DATE AND TIME OF LATEST TRANSACTION | |
| control field | 20210213113933.0 |
| 008 - FIXED-LENGTH DATA ELEMENTS--GENERAL INFORMATION | |
| fixed length control field | 210213b ||||| |||| 00| 0 eng d |
| 020 ## - INTERNATIONAL STANDARD BOOK NUMBER | |
| International Standard Book Number | 9789351525882 |
| 040 ## - CATALOGING SOURCE | |
| Original cataloging agency | PHNSL |
| Transcribing agency | PHNSL |
| 100 ## - MAIN ENTRY--PERSONAL NAME | |
| Personal name | Basavanthappa, B.T. |
| 245 ## - TITLE STATEMENT | |
| Title | Practice workbook of medical surgical nursing / |
| Statement of responsibility, etc. | B.T. Basavanthappa. |
| 260 ## - PUBLICATION, DISTRIBUTION, ETC. | |
| Place of publication, distribution, etc. | New Delhi : |
| Name of publisher, distributor, etc. | Jaypee, |
| Date of publication, distribution, etc. | 2015. |
| 300 ## - PHYSICAL DESCRIPTION | |
| Extent | ix, 194 p. |
| 650 ## - SUBJECT ADDED ENTRY--TOPICAL TERM | |
| Topical term or geographic name entry element | Medical nursing |
| Form subdivision | Surgical nursing |
| General subdivision | Nursing workbook |
| 942 ## - ADDED ENTRY ELEMENTS (KOHA) | |
| Source of classification or shelving scheme | Library of Congress Classification |
| Koha item type | Books |
| Withdrawn status | Lost status | Source of classification or shelving scheme | Damaged status | Not for loan | Home library | Current library | Shelving location | Date acquired | Full call number | Barcode | Date last seen | Copy number | Price effective from | Koha item type | Public note |
|---|---|---|---|---|---|---|---|---|---|---|---|---|---|---|---|
| Library of Congress Classification | Public Health Nurses School | Public Health Nurses School | General Stacks | 02/13/2021 | RT51.B29 | 01315 | 02/13/2021 | c.1 | 02/13/2021 | Books | kd 13/02/21 | ||||
| Library of Congress Classification | Public Health Nurses School | Public Health Nurses School | General Stacks | 02/13/2021 | RT51.B29 | 01316 | 02/13/2021 | c.2 | 02/13/2021 | Books | kd 13/02/21 | ||||
| Library of Congress Classification | Public Health Nurses School | Public Health Nurses School | General Stacks | 02/13/2021 | RT51.B29 | 01317 | 02/13/2021 | c.3 | 02/13/2021 | Books | kd 13/02/21 | ||||
| Library of Congress Classification | Public Health Nurses School | Public Health Nurses School | General Stacks | 02/13/2021 | RT51.B29 | 01318 | 02/13/2021 | c.4 | 02/13/2021 | Books | kd 13/02/21 |
